NFL Passing Yard Leaders - Statistics

General Stats
  • This quiz has been taken 15 times
  • The average score is 8 of 10
Answer Stats
Yards Answer % Correct
80,358 Drew Brees
100%
89,214 Tom Brady
100%
66,274 Aaron Rodgers
93%
71,940 Peyton Manning
93%
71,838 Brett Favre
79%
64,516 Matthew Stafford
79%
63,984 Philip Rivers
79%
61,361 Dan Marino
71%
64,088 Ben Roethlisberger
64%
62,792 Matt Ryan
50%
No matching quizzes found
Score Distribution
Percent of People with Each Score
Percentile by Number Answered
Your Score History
You have not taken this quiz